| 000 -LEADER |
| fixed length control field |
00344nam a22001217a 4500 |
| 008 - FIXED-LENGTH DATA ELEMENTS--GENERAL INFORMATION |
| fixed length control field |
250325b ||||| |||| 00| 0 eng d |
| 020 ## - INTERNATIONAL STANDARD BOOK NUMBER |
| International Standard Book Number |
9780709726869 |
| 082 ## - DEWEY DECIMAL CLASSIFICATION NUMBER |
| Classification number |
823.92 BED |
| 100 ## - MAIN ENTRY--PERSONAL NAME |
| Personal name |
BEDFORD,DAVID |
| Relator term |
AUTHOR |
| 245 ## - TITLE STATEMENT |
| Title |
IT'S MY TURN! |
| 260 ## - PUBLICATION, DISTRIBUTION, ETC. |
| Place of publication, distribution, etc. |
1 THE CODA CENTRE.189 MUNSTER ROAD,LONDON,SW6 6AW |
| Name of publisher, distributor, etc. |
LITTLE TIGER PRESS |
| Date of publication, distribution, etc. |
2005 |
| 942 ## - ADDED ENTRY ELEMENTS (KOHA) |
| Source of classification or shelving scheme |
|